00512nam a22001577a 450000500170000001000140001702000270003103500130005803700130007108200150008424501000009926000420019927000690024130000220031070000220033220100809162120.0 aENG-99148 a9788183872485c1450.00 aEN-82680 bDBAD/PUB a612.650954 aGrowth and developoment of children:ba bio cultural perspective /cedited by Madhu Bala Sharma aNew DelhibSerials Publicationsc2009 a4830/24 Prahlad Street Ansari Road Darya GanjbNew Delhie110002 axx,398pc24cm(Hb) aSharma,Madhu Bala